000 00333nam a2200133Ia 4500
005 20251222155114.0
008 251222s9999||||xx |||||||||||||| ||spa||
082 _aETI. 04.2
100 _aVIDAL, Marciano.
245 0 _aEtica Comunitaria Convivencia Sexualidad Fam.
250 _a6ta. ed.
264 _bVerbo divino
942 _cLIB
999 _c38148
_d38148